[Event "Kort Pske 1. forlb Gruppe 2"]
[Site "Svendborg"]
[Date "2018.03.25"]
[Round "3"]
[White "Sorensen, John"]
[Black "Eriksen, Jens"]
[Result "0-1"]
[WhiteElo "1194"]
[BlackElo "1582"]
[PlyCount "86"]
[EventDate "2018.03.24"]
[EventType "swiss"]
[EventRounds "5"]
[EventCountry "DEN"]

1. e4 c5 2. b3 d6 3. Bb2 Nc6 4. Be2 e6 5. Nf3 Nf6 6. d3 Be7 7. O-O O-O 8. h3 e5
9. Nbd2 Be6 10. Rc1 Nh5 11. Nh2 Nf4 12. Bg4 f5 13. Bf3 Qe8 14. exf5 Bxf5 15.
Kh1 Rd8 16. Be4 Qg6 17. Qf3 d5 18. Bxf5 Rxf5 19. g4 Rf7 20. Rce1 Bf6 21. Rb1
Bg5 22. Rfd1 Ne6 23. Qg2 Nf4 24. Qf1 Qh6 25. Ndf3 Bf6 26. Re1 Re8 27. Bc1 e4
28. dxe4 dxe4 29. Bd2 Rfe7 30. Ng1 Bg5 31. c3 Nd3 32. Re2 Bxd2 33. Rd1 Bxc3 34.
f3 Nf4 35. Rc2 Bd4 36. Ne2 e3 37. Nxd4 Nxd4 38. Qc4+ Kh8 39. Qxc5 Nxc2 40. Qxc2
Nxh3 41. Re1 Nf2+ 42. Kg1 Qh3 43. g5 Qg3+ 0-1

[Event "Kort Pske 1. forlb Gruppe 2"]
[Site "Svendborg"]
[Date "2018.03.25"]
[Round "3"]
[White "Dam, Lis K."]
[Black "Saliev, Ramadan"]
[Result "0-1"]
[WhiteElo "1227"]
[BlackElo "1403"]
[PlyCount "112"]
[EventDate "2018.03.24"]
[EventType "swiss"]
[EventRounds "5"]
[EventCountry "DEN"]

1. e4 c5 2. d3 d6 3. Be2 Nc6 4. Nf3 h6 5. Nc3 Bg4 6. h3 Bh5 7. Be3 Nf6 8. Nd5
e6 9. Nf4 Qa5+ 10. c3 Bxf3 11. Bxf3 Qb6 12. b4 Qc7 13. b5 Ne5 14. Be2 Be7 15.
Qa4 b6 16. O-O O-O 17. d4 cxd4 18. cxd4 Ned7 19. Bf3 e5 20. Rfc1 Qb8 21. Nd3
Rc8 22. Nb4 Bf8 23. Nc6 Qb7 24. d5 Nc5 25. Qc2 a6 26. a4 axb5 27. axb5 Rxa1 28.
Rxa1 Ra8 29. Rxa8 Qxa8 30. g4 g5 31. Kg2 Qa3 32. Bc1 Qa8 33. Qc3 Nfxe4 34. Qa3
Qxa3 35. Bxa3 Nc3 36. Na7 e4 37. Nc8 exf3+ 38. Kxf3 Nxd5 39. Bb2 Kh7 40. Na7
Kg6 41. Nc6 h5 42. Bc1 Bg7 43. gxh5+ Kxh5 44. Kg2 f5 45. Kf3 Kh4 46. Kg2 f4 47.
f3 Ne3+ 48. Kh1 Kg3 49. Na7 Be5 50. Nc8 Na4 51. Ba3 d5 52. Nxb6 Nxb6 53. Bc5
Nbc4 54. b6 Nxb6 55. Bxb6 Kxf3 56. Bd8 d4 0-1

[Event "Kort Pske 1. forlb Gruppe 2"]
[Site "Svendborg"]
[Date "2018.03.26"]
[Round "4"]
[White "Thorup, Bo Beier"]
[Black "Rasmussen, Erik Elmer"]
[Result "1-0"]
[WhiteElo "1659"]
[BlackElo "1539"]
[PlyCount "41"]
[EventDate "2018.03.24"]
[EventType "swiss"]
[EventRounds "5"]
[EventCountry "DEN"]

1. e4 d5 2. exd5 Nf6 3. d4 Nxd5 4. Nf3 Bf5 5. Bd3 Bxd3 6. Qxd3 a6 7. c4 Nf6 8.
Qb3 Nc6 9. Qxb7 Na5 10. Qb4 c6 11. Bd2 e5 12. Qxa5 exd4 13. Qe5+ Qe7 14. Qxe7+
Bxe7 15. Nxd4 Kd7 16. Nc3 Bc5 17. Be3 Rhe8 18. O-O-O Kc7 19. Bf4+ Kb7 20. Nf5
Re4 21. Nxe4 1-0

[Event "Kort Pske 1. forlb Gruppe 2"]
[Site "Svendborg"]
[Date "2018.03.26"]
[Round "4"]
[White "Henriksen, Ole"]
[Black "Kristensen, Niels Aage"]
[Result "1/2-1/2"]
[WhiteElo "1558"]
[BlackElo "1564"]
[PlyCount "106"]
[EventDate "2018.03.24"]
[EventType "swiss"]
[EventRounds "5"]
[EventCountry "DEN"]

1. e4 d5 2. exd5 Nf6 3. Nf3 e6 4. dxe6 Bxe6 5. Be2 Nc6 6. c3 Bc5 7. d4 Bb6 8.
O-O Qd6 9. Re1 O-O-O 10. Bg5 Rd7 11. Nbd2 Qf8 12. a4 h6 13. Be3 Ng4 14. Bb5 a5
15. Bxc6 bxc6 16. h3 Nxe3 17. fxe3 c5 18. Ne5 Rd8 19. Qf3 Bd5 20. e4 Bb7 21.
Qf5+ Kb8 22. Nd7+ Rxd7 23. Qxd7 cxd4 24. cxd4 Qb4 25. Nf3 Bc8 26. Qb5 Qd6 27.
e5 Qg6 28. Kh1 Ka7 29. Qe2 Re8 30. Qe4 f5 31. Nh4 Qg5 32. Nxf5 Bxf5 33. Qc6 Qd8
34. d5 Bd7 35. Qc4 Bc8 36. Rad1 Bf2 37. Re4 Ba6 38. Qc6 Bb6 39. b4 Bb7 40. Qb5
c6 41. Qc4 cxd5 42. Qb5 Re6 43. bxa5 Bxa5 44. Red4 Bc6 45. Qb3 Rxe5 46. Rf4 Qe8
47. Rdf1 Re3 48. Qd1 Re7 49. Rf8 Qd7 50. Qd4+ Bb6 51. Qb4 Bc7 52. a5 Qd6 53.
Qd4+ Ka6 1/2-1/2

[Event "Kort Pske 1. forlb Gruppe 2"]
[Site "Svendborg"]
[Date "2018.03.26"]
[Round "4"]
[White "Iskos, Lukas"]
[Black "Saravana, Vedant Kumar"]
[Result "1-0"]
[WhiteElo "1224"]
[BlackElo "1271"]
[PlyCount "111"]
[EventDate "2018.03.24"]
[EventType "swiss"]
[EventRounds "5"]
[EventCountry "DEN"]

1. e4 e5 2. Nf3 Nc6 3. Bc4 Bc5 4. O-O Nf6 5. d4 Nxd4 6. Nxe5 O-O 7. Be3 d6 8.
Nxf7 Rxf7 9. Bxf7+ Kxf7 10. Bxd4 Bxd4 11. Qxd4 Nh5 12. Qd5+ Kg6 13. f4 h6 14.
f5+ Kh7 15. e5 Qg5 16. Qe4 d5 17. Qf3 Bd7 18. f6 Rf8 19. f7 g6 20. Nc3 Bg4 21.
Qf2 Bh3 22. Nxd5 Kh8 23. Qf3 Be6 24. Nxc7 Bg4 25. Qc3 Nf4 26. e6+ Kh7 27. Qa3
Bh3 28. Qf3 Nxg2 29. Qg3 Qc5+ 30. Kh1 Ne3 31. Qxh3 Nxf1 32. Qxf1 Qxc7 33. Re1
Qe7 34. Qd3 Rxf7 35. exf7 Qxe1+ 36. Kg2 Qe7 37. Qf3 Kg7 38. f8=Q+ Qxf8 39.
Qxb7+ Qf7 40. Qxf7+ Kxf7 41. b4 g5 42. a4 Ke6 43. c4 Kd6 44. a5 Kc6 45. b5+ Kc5
46. Kg3 h5 47. h3 g4 48. hxg4 hxg4 49. Kxg4 Kd6 50. Kf5 Kc7 51. Ke6 Kb7 52. Kd7
Kb8 53. c5 Kb7 54. c6+ Kb8 55. c7+ Kb7 56. c8=Q# 1-0

[Event "Kort Pske 1. forlb Gruppe 2"]
[Site "Svendborg"]
[Date "2018.03.26"]
[Round "4"]
[White "Hansen, Mikkel Strandby"]
[Black "Langer, Peter"]
[Result "1/2-1/2"]
[WhiteElo "1453"]
[BlackElo "1531"]
[PlyCount "44"]
[EventDate "2018.03.24"]
[EventType "swiss"]
[EventRounds "5"]
[EventCountry "DEN"]

1. d4 Nf6 2. Nf3 e6 3. Bf4 d5 4. e3 Bd6 5. Bg3 Nbd7 6. Bd3 O-O 7. O-O Bxg3 8.
hxg3 c5 9. Nbd2 Qb6 10. b3 Re8 11. c3 e5 12. Be2 e4 13. Ne1 Nf8 14. Nc2 Bd7 15.
c4 Rac8 16. cxd5 Nxd5 17. Nc4 Qe6 18. Qd2 b5 19. N4a3 Qb6 20. Rac1 Red8 21.
dxc5 Qxc5 22. Qd4 Qxd4 1/2-1/2

[Event "Kort Pske 1. forlb Gruppe 2"]
[Site "Svendborg"]
[Date "2018.03.26"]
[Round "4"]
[White "Medhus, Vitus Bondo"]
[Black "Eriksen, Jens"]
[Result "1-0"]
[WhiteElo "1394"]
[BlackElo "1582"]
[PlyCount "25"]
[EventDate "2018.03.24"]
[EventType "swiss"]
[EventRounds "5"]
[EventCountry "DEN"]

1. e4 c5 2. Nf3 d6 3. Bc4 Nf6 4. Nc3 Nc6 5. O-O a6 6. a4 Bg4 7. Nd5 Nxe4 8. d3
Nf6 9. b3 Ne5 10. Nxf6+ gxf6 11. Nxe5 Be6 12. Bxe6 fxe5 13. Qh5 1-0

[Event "Kort Pske 1. forlb Gruppe 2"]
[Site "Svendborg"]
[Date "2018.03.26"]
[Round "4"]
[White "Saliev, Ramadan"]
[Black "Jacobsen, Steen"]
[Result "0-1"]
[WhiteElo "1403"]
[BlackElo "1659"]
[PlyCount "116"]
[EventDate "2018.03.24"]
[EventType "swiss"]
[EventRounds "5"]
[EventCountry "DEN"]

1. Nf3 d5 2. d4 Nf6 3. Bf4 c5 4. e3 Nc6 5. c4 cxd4 6. exd4 e6 7. a3 g6 8. Bd3
Bg7 9. Nbd2 O-O 10. c5 Nd7 11. Bg5 Qc7 12. Nb3 Re8 13. O-O e5 14. dxe5 Ndxe5
15. Bh4 Nxf3+ 16. Qxf3 Bxb2 17. Ra2 Be5 18. Bg3 Bxg3 19. fxg3 Be6 20. Qf6 Qe7
21. Bb5 Rac8 22. Raf2 Qxf6 23. Rxf6 Re7 24. h4 Ne5 25. Be2 Nd7 26. R6f4 Nxc5
27. Nxc5 Rxc5 28. a4 Rec7 29. Bb5 Rc1 30. Kh2 Rxf1 31. Rxf1 Rc3 32. Rf4 Kf8 33.
Be2 Ke7 34. Rb4 Rc7 35. a5 Kd6 36. a6 b6 37. h5 Ke5 38. Bf3 d4 39. Rb5+ Rc5 40.
Rb1 d3 41. hxg6 hxg6 42. Kg1 Kd4 43. Kf2 Rc2+ 44. Ke1 Kc3 45. g4 d2+ 46. Kd1
Bb3 47. Rxb3+ Kxb3 48. Be4 Rb2 49. Bd5+ Kc3 50. Bxf7 Rb1+ 51. Ke2 d1=Q+ 52. Kf2
Qf1+ 53. Kg3 Qxf7 54. g5 Qc7+ 55. Kh3 Rh1+ 56. Kg4 Qc4+ 57. Kf3 Rf1+ 58. Ke3
Qd3# 0-1

[Event "Kort Pske 1. forlb Gruppe 2"]
[Site "Svendborg"]
[Date "2018.03.26"]
[Round "4"]
[White "Aggerbeck Lauritzen, Nikolaj"]
[Black "Nielsen Refs, Karl Emil Elmer"]
[Result "0-1"]
[WhiteElo "1162"]
[BlackElo "1190"]
[PlyCount "92"]
[EventDate "2018.03.24"]
[EventType "swiss"]
[EventRounds "5"]
[EventCountry "DEN"]

1. e4 d6 2. d4 Nf6 3. Nc3 g6 4. Be3 Bg7 5. Nf3 Nc6 6. Be2 O-O 7. h3 e5 8. dxe5
dxe5 9. Bg5 Be6 10. Nb5 Nb4 11. a3 Qxd1+ 12. Bxd1 Na6 13. Nc3 c6 14. Nxe5 Nxe4
15. Nxe4 Bxe5 16. Bf6 Bxf6 17. Nxf6+ Kg7 18. Ng4 Rae8 19. O-O Bc4 20. Be2 Bxe2
21. Rfe1 Bxg4 22. hxg4 Rxe1+ 23. Rxe1 Nc5 24. Re3 Rd8 25. Re2 Ne6 26. c3 Rd5
27. Kh2 Rg5 28. Kg3 h5 29. f3 hxg4 30. fxg4 Kf6 31. Kh4 Re5 32. Rf2+ Kg7 33.
Rd2 g5+ 34. Kg3 Nc5 35. Kf3 Re4 36. g3 Re6 37. b4 Rf6+ 38. Ke3 Re6+ 39. Kf3 Na4
40. Rc2 Nb6 41. c4 Rf6+ 42. Ke4 Re6+ 43. Kf3 Nd7 44. Kg2 Ne5 45. c5 Nxg4 46.
Kh3 Ne3 0-1

[Event "Kort Pske 1. forlb Gruppe 2"]
[Site "Svendborg"]
[Date "2018.03.26"]
[Round "4"]
[White "Andersen, Sten Bo"]
[Black "Nielsen, Jan"]
[Result "1/2-1/2"]
[WhiteElo "1398"]
[BlackElo "2127"]
[PlyCount "77"]
[EventDate "2018.03.24"]
[EventType "swiss"]
[EventRounds "5"]
[EventCountry "DEN"]

1. d4 d5 2. Nf3 h6 3. c4 c6 4. Nc3 Nf6 5. e3 Bf5 6. Bd3 Bxd3 7. Qxd3 e6 8. c5
Nbd7 9. O-O Be7 10. b4 O-O 11. e4 dxe4 12. Nxe4 Nd5 13. Bd2 Qc7 14. Rab1 Rab8
15. Rfe1 b5 16. Nc3 N7f6 17. Nxd5 Nxd5 18. g3 Rbd8 19. Ne5 Bf6 20. f4 Ne7 21.
Re4 Bxe5 22. fxe5 f5 23. exf6 Rxf6 24. Bf4 Qd7 25. Be5 Rf5 26. Bd6 Ng6 27. Rbe1
Re8 28. Rf1 Qf7 29. Rxf5 Qxf5 30. Re3 Qxd3 31. Rxd3 Ne7 32. Rf3 Nd5 33. a3 a6
34. Be5 Rf8 35. Kg2 Rxf3 36. Kxf3 Kf7 37. g4 g6 38. Bf4 h5 39. g5 1/2-1/2

[Event "Kort Pske 1. forlb Gruppe 2"]
[Site "Svendborg"]
[Date "2018.03.26"]
[Round "4"]
[White "Sorensen, John"]
[Black "Dam, Lis K."]
[Result "0-1"]
[WhiteElo "1194"]
[BlackElo "1227"]
[PlyCount "64"]
[EventDate "2018.03.24"]
[EventType "swiss"]
[EventRounds "5"]
[EventCountry "DEN"]

1. d4 d5 2. e3 Bd7 3. c4 Nf6 4. Nc3 e6 5. Nf3 Bb4 6. Bd2 dxc4 7. Bxc4 Bxc3 8.
Bxc3 Nc6 9. O-O Ne4 10. Qc2 Nxc3 11. bxc3 Qf6 12. Rfe1 Na5 13. Bd3 g6 14. Ne5
O-O-O 15. Reb1 Qe7 16. Rb2 f6 17. Nf3 Bc6 18. Rab1 Bxf3 19. gxf3 c6 20. c4 Qc7
21. c5 Rd7 22. Bc4 Re8 23. Be2 Kd8 24. f4 Rg8 25. Bc4 g5 26. Bxe6 gxf4+ 27.
Bxg8 Rg7+ 28. Kh1 Rxg8 29. Rg1 Rxg1+ 30. Kxg1 Qg7+ 31. Kh1 f3 32. Rb1 Qg2# 0-1

[Event "Kort Pske 1. forlb Gruppe 2"]
[Site "Svendborg"]
[Date "2018.03.26"]
[Round "5"]
[White "Nielsen, Jan"]
[Black "Saliev, Ramadan"]
[Result "1/2-1/2"]
[WhiteElo "2127"]
[BlackElo "1403"]
[PlyCount "156"]
[EventDate "2018.03.24"]
[EventType "swiss"]
[EventRounds "5"]
[EventCountry "DEN"]

1. e4 c5 2. Nc3 d6 3. h3 a6 4. Nf3 Nc6 5. a3 Nf6 6. d3 h6 7. Be3 e6 8. Qd2 b5
9. b4 cxb4 10. axb4 Nxb4 11. Be2 Nc6 12. Nxb5 Bb7 13. Nc3 Qc7 14. O-O Rd8 15.
Na4 Nd7 16. Rfb1 Rb8 17. Rb2 Be7 18. Rab1 Ba8 19. Rxb8+ Ncxb8 20. Nd4 Bf6 21.
Nf3 Bc6 22. Nb6 O-O 23. c4 Nxb6 24. Rxb6 Bb7 25. Qb4 Ba8 26. Qxd6 Qxd6 27. Rxd6
Be7 28. Rb6 Rc8 29. Ne5 Bd8 30. Rb3 Bc7 31. Nf3 f6 32. Nd4 Kf7 33. Bg4 Re8 34.
Bh5+ g6 35. Bf3 e5 36. Nc2 Nc6 37. Bb6 Rb8 38. c5 Bxb6 39. Rxb6 Rxb6 40. cxb6
a5 41. Bd1 Ke6 42. Na3 Kd6 43. Ba4 Nb4 44. Nc4+ Kc5 45. Nxa5 Kxb6 46. Nc4+ Kc5
47. Nb2 Kd4 48. Bb5 Bc6 49. Bxc6 Nxc6 50. f3 Kc3 51. Na4+ Kxd3 52. Nc5+ Ke3 53.
Nd7 f5 54. exf5 gxf5 55. Nf6 Kf4 56. Kf2 Kg5 57. Nd5 h5 58. g3 h4 59. f4+ exf4
60. gxf4+ Kg6 61. Ke3 Kf7 62. Kd3 Ke6 63. Ne3 Nb4+ 64. Kc4 Na2 65. Ng2 Nc1 66.
Nxh4 Ne2 67. Ng2 Ng3 68. Kd4 Kd6 69. h4 Ne2+ 70. Ke3 Ng3 71. Kd4 Ne2+ 72. Ke3
Ng3 73. Kf3 Nh5 74. Ne3 Ke6 75. Nc4 Kd5 76. Ne3+ Ke6 77. Nxf5 Kxf5 78. Ke3 Nxf4
1/2-1/2

[Event "Kort Pske 1. forlb Gruppe 2"]
[Site "Svendborg"]
[Date "2018.03.26"]
[Round "5"]
[White "Jacobsen, Steen"]
[Black "Henriksen, Ole"]
[Result "1-0"]
[WhiteElo "1659"]
[BlackElo "1558"]
[PlyCount "55"]
[EventDate "2018.03.24"]
[EventType "swiss"]
[EventRounds "5"]
[EventCountry "DEN"]

1. d4 d5 2. c4 Nf6 3. Nc3 e6 4. Nf3 Be7 5. h3 c6 6. Bf4 b6 7. e3 Bb7 8. cxd5
exd5 9. Rc1 O-O 10. Bd3 Re8 11. O-O Bd6 12. Ne5 Qc7 13. Nb5 Qe7 14. Nxd6 Qxd6
15. Nxf7 Qf8 16. Nd6 Re7 17. Nxb7 Rxb7 18. Bxb8 Raxb8 19. Rxc6 Rd7 20. Qc2 Re7
21. Rc1 Ne4 22. Bxe4 dxe4 23. Rc7 Rbe8 24. Qa4 Rxc7 25. Rxc7 h6 26. Qc4+ Kh8
27. Qf7 Qxf7 28. Rxf7 1-0

[Event "Kort Pske 1. forlb Gruppe 2"]
[Site "Svendborg"]
[Date "2018.03.26"]
[Round "5"]
[White "Eriksen, Jens"]
[Black "Dam, Lis K."]
[Result "1-0"]
[WhiteElo "1582"]
[BlackElo "1227"]
[PlyCount "83"]
[EventDate "2018.03.24"]
[EventType "swiss"]
[EventRounds "5"]
[EventCountry "DEN"]

1. d4 d5 2. c4 Bf5 3. Nc3 e6 4. Nf3 Bb4 5. e3 Bxc3+ 6. bxc3 Nc6 7. cxd5 exd5 8.
Bb5 Bd7 9. Bd3 Nge7 10. Ba3 Bg4 11. O-O Bxf3 12. Qxf3 Qd7 13. c4 a5 14. cxd5
Nb4 15. Bxb4 axb4 16. Bc4 b5 17. Bb3 Qf5 18. Qe2 Qd7 19. e4 c6 20. dxc6 Nxc6
21. Qxb5 Ra5 22. Qc4 O-O 23. Rfd1 Rg5 24. Rd3 Ne7 25. Rg3 Rg6 26. Rxg6 Nxg6 27.
g3 Qb7 28. Qd5 Qxd5 29. Bxd5 Rd8 30. Rd1 Ne7 31. Bb3 Kf8 32. d5 f6 33. Rd4 Rb8
34. Rc4 f5 35. d6 Ng6 36. exf5 Ne5 37. Rc7 Rd8 38. f4 Nf3+ 39. Kf2 Rxd6 40.
Kxf3 Rd3+ 41. Kg4 Rd6 42. Rf7+ 1-0

[Event "Kort Pske 1. forlb Gruppe 2"]
[Site "Svendborg"]
[Date "2018.03.26"]
[Round "5"]
[White "Langer, Peter"]
[Black "Thorup, Bo Beier"]
[Result "0-1"]
[WhiteElo "1531"]
[BlackElo "1659"]
[PlyCount "98"]
[EventDate "2018.03.24"]
[EventType "swiss"]
[EventRounds "5"]
[EventCountry "DEN"]

1. d4 Nf6 2. Bf4 g6 3. e3 Bg7 4. Bd3 c5 5. c3 cxd4 6. exd4 Nc6 7. Nf3 d5 8.
Nbd2 Nh5 9. Be3 Qc7 10. Qb3 Qd6 11. c4 dxc4 12. Bxc4 O-O 13. Ng5 e6 14. Nge4
Qc7 15. d5 Na5 16. Qb4 Nxc4 17. d6 Nxe3 18. fxe3 Qd8 19. O-O f5 20. Nf2 Qg5 21.
Nc4 Rf7 22. Rad1 b6 23. Nh3 Qg4 24. Nf2 Qh4 25. Qb5 Bd7 26. Qb3 Rc8 27. Nd2 Qf6
28. Nd3 Bc6 29. e4 Qd4+ 30. Kh1 Qxd6 31. Nc4 Qd4 32. Nf2 Ba4 33. Qxa4 Qxc4 34.
Qa3 Bf8 35. Qe3 Bc5 36. Qg5 Be7 37. Qe3 fxe4 38. Kg1 Bc5 39. Qg5 Rxf2 40. Rxf2
Rf8 41. Rdf1 Qe2 42. Qxc5 Qxf1+ 43. Rxf1 Rxf1+ 44. Kxf1 bxc5 45. Ke2 Nf6 46.
Ke3 Kf7 47. h3 Ke7 48. g4 g5 49. b3 Kd6 0-1

[Event "Kort Pske 1. forlb Gruppe 2"]
[Site "Svendborg"]
[Date "2018.03.26"]
[Round "5"]
[White "Kristensen, Niels Aage"]
[Black "Medhus, Vitus Bondo"]
[Result "1-0"]
[WhiteElo "1564"]
[BlackElo "1394"]
[PlyCount "65"]
[EventDate "2018.03.24"]
[EventType "swiss"]
[EventRounds "5"]
[EventCountry "DEN"]

1. d4 Nf6 2. Nf3 g6 3. Bf4 d5 4. e3 e6 5. c3 Bd6 6. Bg3 Nc6 7. Nbd2 O-O 8. Bd3
Re8 9. Bh4 e5 10. dxe5 Bxe5 11. O-O Bg4 12. Qc2 Qd6 13. h3 Bxf3 14. Nxf3 Ne4
15. Nxe5 Qxe5 16. Rae1 a5 17. f3 Nc5 18. f4 Qg7 19. Rf3 Re6 20. f5 Ree8 21. Rg3
Ne5 22. f6 Qh6 23. Bg5 Qf8 24. Bf5 gxf5 25. Bh6+ Kh8 26. Bxf8 Ne4 27. Bg7+ Kg8
28. Rf3 Nxf3+ 29. gxf3 Ng5 30. Qg2 Ne6 31. Kh2 a4 32. Rg1 h6 33. Qg3 1-0

[Event "Kort Pske 1. forlb Gruppe 2"]
[Site "Svendborg"]
[Date "2018.03.26"]
[Round "5"]
[White "Rasmussen, Erik Elmer"]
[Black "Aggerbeck Lauritzen, Nikolaj"]
[Result "1/2-1/2"]
[WhiteElo "1539"]
[BlackElo "1162"]
[PlyCount "69"]
[EventDate "2018.03.24"]
[EventType "swiss"]
[EventRounds "5"]
[EventCountry "DEN"]

1. e4 c6 2. Bc4 d5 3. exd5 cxd5 4. Bb3 Nf6 5. Nf3 Bg4 6. h3 Bh5 7. g4 Bg6 8.
Ne5 e6 9. d3 Bd6 10. f4 Qc7 11. Qe2 O-O 12. Nc3 Nbd7 13. Bd2 a6 14. Nxg6 fxg6
15. Rf1 Kh8 16. O-O-O Rae8 17. Rde1 b5 18. g5 Nh5 19. Nxd5 exd5 20. Qxe8 Rxe8
21. Rxe8+ Nf8 22. a3 Qf7 23. Rfe1 h6 24. h4 Kh7 25. Kb1 Ng3 26. Bb4 Bxb4 27.
axb4 Nf5 28. Bxd5 Qxd5 29. Rxf8 Nd6 30. Rd8 hxg5 31. fxg5 Qc6 32. b3 Qc7 33.
Rf8 Qd7 34. c4 bxc4 35. bxc4 1/2-1/2

[Event "Kort Pske 1. forlb Gruppe 2"]
[Site "Svendborg"]
[Date "2018.03.26"]
[Round "5"]
[White "Saravana, Vedant Kumar"]
[Black "Hansen, Mikkel Strandby"]
[Result "1/2-1/2"]
[WhiteElo "1271"]
[BlackElo "1453"]
[PlyCount "67"]
[EventDate "2018.03.24"]
[EventType "swiss"]
[EventRounds "5"]
[EventCountry "DEN"]

1. e4 e6 2. d4 d5 3. e5 c5 4. c3 Nc6 5. Nf3 Bd7 6. Be2 cxd4 7. cxd4 Bb4+ 8. Bd2
Bxd2+ 9. Qxd2 Nge7 10. Nc3 a6 11. Na4 Nxe5 12. Nxe5 Bxa4 13. Qb4 Bc6 14. O-O f6
15. Nxc6 bxc6 16. Bg4 f5 17. Bh5+ g6 18. Bf3 O-O 19. Rfe1 Qd7 20. Qd2 Kg7 21.
Qe3 Rf6 22. h4 h5 23. Qg5 Rh8 24. Rac1 Qb7 25. Rc2 Qb4 26. Rce2 Qd6 27. Re5 Ng8
28. Qe3 Kf7 29. Qd3 a5 30. Qa6 Qc7 31. Qe2 Qc8 32. Qc2 Ne7 33. Qc5 Qc7 34. Qc1
1/2-1/2

[Event "Kort Pske 1. forlb Gruppe 2"]
[Site "Svendborg"]
[Date "2018.03.26"]
[Round "5"]
[White "Nielsen Refs, Ingrid Elmer"]
[Black "Sorensen, John"]
[Result "1-0"]
[WhiteElo "1404"]
[BlackElo "1194"]
[PlyCount "49"]
[EventDate "2018.03.24"]
[EventType "swiss"]
[EventRounds "5"]
[EventCountry "DEN"]

1. d4 d5 2. c4 e6 3. Nc3 b6 4. e3 Nf6 5. Nf3 Bd6 6. cxd5 exd5 7. Bb5+ Bd7 8.
Bxd7+ Qxd7 9. O-O O-O 10. Re1 Nc6 11. e4 Bb4 12. e5 Ne4 13. Re3 Nxc3 14. bxc3
Ba5 15. Qc2 Rae8 16. Ng5 g6 17. Rh3 Qxh3 18. Nxh3 f6 19. Bh6 Rf7 20. exf6 Rxf6
21. Ng5 Nd8 22. Qd2 Nf7 23. Nxf7 Kxf7 24. Re1 Rg8 25. Qe3 1-0

[Event "Kort Pske 1. forlb Gruppe 2"]
[Site "Svendborg"]
[Date "2018.03.26"]
[Round "5"]
[White "Nielsen Refs, Karl Emil Elmer"]
[Black "Iskos, Lukas"]
[Result "1/2-1/2"]
[WhiteElo "1190"]
[BlackElo "1224"]
[PlyCount "70"]
[EventDate "2018.03.24"]
[EventType "swiss"]
[EventRounds "5"]
[EventCountry "DEN"]

1. d4 Nf6 2. Nf3 e6 3. g3 d5 4. Bg2 c5 5. c3 Nc6 6. Bg5 cxd4 7. cxd4 h6 8. Bxf6
Qxf6 9. a3 Bd6 10. Nc3 a6 11. O-O Bd7 12. e4 dxe4 13. Nxe4 Qe7 14. Re1 O-O 15.
d5 Ne5 16. dxe6 Bc6 17. exf7+ Rxf7 18. Nxd6 Rxf3 19. Bxf3 Nxf3+ 20. Qxf3 Qxe1+
21. Rxe1 Bxf3 22. Re7 Rd8 23. Re8+ Rxe8 24. Nxe8 Kf7 25. Nc7 Ke7 26. Na8 Kd7
27. Nb6+ Kc6 28. Nc4 Kb5 29. Nd2 Bd5 30. Kf1 Kc5 31. Ke2 Kd4 32. f4 g6 33. h4
h5 34. Nf3+ Kc4 35. Nd2+ Kd4 1/2-1/2